00780nam a2200193Ia 4500952018300000999001700183003000400200005001700204008004100221020001800262040000900280082002200289100003600311245012000347250001200467260004800479300000900527942005000536 00102ddc40708SOCIAL PROBLEMS AND SERVICESaMESbMEScSOCIAL PROBLEMS AND SERVICESd2019-02-20g395.00l0o363.700954 ARN/Np35785r2019-02-20 00:00:00w2019-02-20yBKzGL40R3 c21531d21531OSt20200609125321.0190216s9999||||xx |||||||||||||| ||und|| a9780195640755 coclc a363.700954bARN/N aDavid Arnold & Ramachandra Guha 0aNature, Culture, Imperialism:bEssays on the Environmental History Of South Asia /cDavid Arnold ; Ramachandra Guha a7th ed. bOxford University Press,c2011.aNew Delhi: a376p cBK2ddch363.700954iARN/Nk363.700954mARN/N